Statistics for Top 50 Countries Or US States By GDP

Click here to take the quiz!

General Stats

  • This quiz has been taken 98 times
  • The average score is 40 of 50

Answer Stats

GDPCountry% Correct
19,42 triChina
97%
4,40 triJapan
96%
3,86 triIndia
95%
2,96 triFrance
93%
4,29 triGermany
93%
2,35 triTexas
93%
3,07 triUnited Kingdom
93%
3,75 triCalifornia
92%
2,16 triItaly
91%
2,05 triNew York
91%
1,50 triSpain
91%
2,23 triBrazil
89%
2,06 triRussia
89%
2,08 triCanada
88%
1,69 triAustralia
87%
1,46 triFlorida
87%
1,77 triMexico
86%
580,2 biNorway
86%
1,72 triSouth Korea
86%
617,2 biSweden
86%
1,08 triNetherlands
83%
768,6 biPoland
83%
1,12 triSaudi Arabia
83%
725,5 biWashington
82%
741,4 biArgentina
80%
923,9 biPennsylvania
79%
624,4 biBelgium
78%
688,3 biMassachusetts
78%
879,8 biSwitzerland
78%
1,05 triTurkey
78%
567,9 biUnited Arab Emirates
78%
1,39 triIndonesia
76%
730,0 biNorth Carolina
76%
598,8 biThailand
76%
1,01 triIllinois
75%
822,6 biOhio
75%
755,5 biGeorgia
74%
594,0 biIreland
72%
610,9 biMichigan
72%
515,1 biAustria
68%
506,6 biNigeria
68%
468,6 biVietnam
68%
740,5 biNew Jersey
64%
649,3 biVirginia
64%
522,0 biIsrael
63%
790,3 biTaiwan
63%
484,3 biColorado
61%
515,5 biSingapore
61%
470,1 biMaryland
57%
475,5 biTennessee
49%

Score Distribution

Percentile by Number Answered

Percent of People with Each Score

Your Score History

You have not taken this quiz